000 00471nam a22001577a 4500
003 LRUA
005 20260108202234.0
008 260108b xxu||||| |||| 00| 0 eng d
040 _cRUA
082 _2RE TKE 2013 C-103 Or.
100 _919179
_aTho Kim Eang ធូ គឹមអៀង
245 _aIntergrated Agriculture and Natural Resource Management for Sustainable Development
260 _aPHNOM PENH
_bRUA
_c2025
300 _ax246p
_bViii
_c29cm
942 _2ddc
_cREC
999 _c25437
_d25437